English literature, 1832-1890 : excluding the novel /

Bibliographic Details
Main Author: Turner, Paul, 1917-
Format: Book
Language:English
Published: Oxford [Oxfordshire] : Oxford [Oxfordshire] ; New York : Clarendon Press ; Oxford University Press, 1989.
Series:Oxford history of English literature ; 11, pt. 1.
Subjects:

MARC

Tag First Indicator Second Indicator Subfields
LEADER 00000cam a22000008a 4500
001 in00000759821
005 20151017050654.0
008 880603s1989 enk b 00110 eng
010 |a  88019501  
020 |a 0198122179 :  |c $37.50 
035 |a (OCoLC)18106770 
035 |9 ADK1853AM 
040 |a DLC  |c DLC  |d TXA  |d UtOrBLW 
043 |a e-uk--- 
049 |a TXAM  |c [A11757235] 
050 0 0 |a PR83  |b .O84 v. 11, pt. 1 
082 0 |a 820/.9/008  |2 19 
100 1 |a Turner, Paul,  |d 1917- 
245 1 0 |a English literature, 1832-1890 :  |b excluding the novel /  |c Paul Turner. 
263 |a 8902 
264 1 |a Oxford [Oxfordshire] :  |b Clarendon Press ;  |a Oxford [Oxfordshire] ;  |a New York :  |b Oxford University Press,  |c 1989. 
300 |a x, 522 pages 
336 |a text  |b txt  |2 rdacontent 
337 |a unmediated  |b n  |2 rdamedia 
338 |a volume  |b nc  |2 rdacarrier 
490 1 |a The Oxford history of English literature,  |v 11, pt. 1 
504 |a Bibliography: pages [478]-509. 
500 |a Includes index. 
650 0 |a English literature  |y 19th century  |x History and criticism. 
830 0 |a Oxford history of English literature ;  |v 11, pt. 1. 
999 |a MARS 
999 f f |s e0dd1ecf-86e3-33ba-9a16-383718a01249  |i 7b963817-1400-38c7-aa5c-15961762843b  |t 0 
952 f f |p normal  |a Texas A&M University  |b College Station  |c Sterling C. Evans Library  |d Evans: Library Stacks  |t 0  |e PR83 .O84 v.11 pt.1  |h Library of Congress classification  |i unmediated -- volume  |m A14811757235 
998 f f |a PR83 .O84 v.11 pt.1  |t 0  |l Evans: Library Stacks